Γενική χειρουργική παθολογία και θεραπευτική : εις πενήκοντα ακροάσεις μεθ' 154 εικόνων εγχειρίδιον προς χρήσιν σπουδαστών και ιατρών

Αποθηκεύτηκε σε:
Λεπτομέρειες βιβλιογραφικής εγγραφής
Κύριος συγγραφέας: Billroth, Theodor, 1829-1894
Άλλοι συγγραφείς: Μαγγίνας, Σπυρίδων, 1839-1919 (Μεταφραστής)
Μορφή: Βιβλίο
Γλώσσα:Greek
German
Δημοσίευση: Εν Αθήναις : Τύποις και δαπάνη Ν. Γ. Πάσσαρη, 1873.
Θέματα:
Ετικέτες: Προσθήκη ετικέτας
Δεν υπάρχουν, Καταχωρήστε ετικέτα πρώτοι!

MARC

LEADER 00000nam a2200000 a 4500
001 1/127271
008 230914s1873####gr | ||| |||| ||gre||
040 |a GR-MyUa  |b gre  |c GR-MyUa  |e AACR2 
041 1 |a gre  |h ger 
082 7 |a 617   |2 (23) 
100 1 |a Billroth, Theodor,   |d 1829-1894. 
245 1 0 |a Γενική χειρουργική παθολογία και θεραπευτική :   |b εις πενήκοντα ακροάσεις μεθ' 154 εικόνων εγχειρίδιον προς χρήσιν σπουδαστών και ιατρών /   |c υπό Θεοδώρου Βιλλροθίου μεταφρασθείασα εκ του γερμανικού υπό Σπυρίδωνος Μαγγίνα.  
260 |a Εν Αθήναις :   |b Τύποις και δαπάνη Ν. Γ. Πάσσαρη,   |c 1873.  
300 |a ις, 798, [2] σ. :   |b εικ. ;   |c 24 εκ.  
500 |a Στη βιβλιοδεσία στη ράχη του βιβλίου τυπωμένα Α.Δ.ΜΩΡΑΛΗΣ.  
650 0 |a Surgery 
700 1 |a Μαγγίνας, Σπυρίδων,   |d 1839-1919,  |e trl 
852 |a INST  |b SAMOS  |c MOR  |e 20230914  |h 617 BIL  |p 005300047771  |q 005300047771  |t BK  |y 23 
970 |a Γουβάλα  |b Βάσω  |z 14-09-2023